| 000 | 00764nam a22002177a 4500 | ||
|---|---|---|---|
| 003 | OSt | ||
| 005 | 20230928111200.0 | ||
| 008 | 230928b |||||||| |||| 00| 0 eng d | ||
| 040 | _cLadoV | ||
| 082 |
_a708 _bB959t |
||
| 100 |
_91127 _aBurke, Héctor |
||
| 245 | _aTestigos Estratigráficos: un mapa actual de la obra de Héctor Burke/ | ||
| 260 |
_c2007 _bMuseo de Arte y Diseño Contemporáneo _aCosta Rica |
||
| 300 |
_a16p. _c14x21cm |
||
| 650 |
_2Tesauro de Arte & Arquitectura _aARTE |
||
| 650 |
_2Tesauro de Arte & Arquitectura _aCOLECCION _9703 |
||
| 650 |
_2Tesauro de Arte & Arquitectura _aPINTURA - ACRILICO _9702 |
||
| 650 |
_2Tesauro de Arte & Arquitectura _aCRITICA |
||
| 700 |
_aOMBU _eautor |
||
| 942 |
_2ddc _c1 _h708 _iB959t _n0 |
||
| 999 |
_c4424 _d4424 |
||